| Tag |
First Indicator |
Second Indicator |
Subfields |
| LEADER |
00000cam a2200000 i 4500 |
| 001 |
in00004400939 |
| 006 |
m o d |
| 007 |
cr ||||||||||| |
| 008 |
190615s2020 nyu o 000 0aeng |
| 005 |
20250816203646.5 |
| 010 |
|
|
|a 2019022498
|
| 020 |
|
|
|a 9780593083352
|q electronic book
|
| 020 |
|
|
|a 0593083350
|q electronic book
|
| 020 |
|
|
|z 9780593083338
|q hardcover
|
| 024 |
8 |
|
|a 99986713786
|
| 035 |
|
|
|a (DLC)ebc6072636
|
| 037 |
|
|
|a 5FF78F28-8090-4FD9-8298-0556E944403B
|b OverDrive, Inc.
|n http://www.overdrive.com
|
| 040 |
|
|
|a NhCcYBP
|c NhCcYBP
|d UtOrBLW
|
| 042 |
|
|
|a pcc
|
| 050 |
|
4 |
|a PS3569.O585
|b Z46 2020
|
| 082 |
0 |
0 |
|a 814/.54
|a B
|2 23
|
| 100 |
1 |
|
|a Solnit, Rebecca,
|e author.
|0 http://id.loc.gov/authorities/names/n90641872
|
| 245 |
1 |
0 |
|a Recollections of my nonexistence /
|c Rebecca Solnit.
|
| 264 |
|
1 |
|a [New York, New York] :
|b Viking,
|c [2020]
|
| 300 |
|
|
|a 1 online resource.
|
| 336 |
|
|
|a text
|b txt
|2 rdacontent
|
| 337 |
|
|
|a computer
|b n
|2 rdamedia
|
| 338 |
|
|
|a online resource
|b nc
|2 rdacarrier
|
| 505 |
0 |
|
|a Looking glass house -- Foghorn and gospel -- Life during wartime -- Disappearing acts -- Freely at night -- Some uses of edges -- Diving into the wreck -- Audibility, credibility, consequence -- Afterword: Lifelines.
|
| 588 |
|
|
|a Description based on print version record and CIP data provided by publisher; resource not viewed.
|
| 500 |
|
|
|a Electronic resource.
|
| 600 |
1 |
0 |
|a Solnit, Rebecca.
|0 http://id.loc.gov/authorities/names/n90641872
|
| 650 |
|
0 |
|a Women authors, American
|y 20th century
|v Biography.
|
| 648 |
|
7 |
|a 1900-1999
|2 fast
|
| 655 |
|
7 |
|a Electronic books.
|2 local
|
| 710 |
2 |
|
|a ProQuest (Firm)
|0 http://id.loc.gov/authorities/names/n2007068018
|
| 776 |
1 |
8 |
|i Print version:
|a Solnit, Rebecca.
|t Recollections of my nonexistence
|d [New York, New York] : Viking, [2020]
|z 9780593083338
|w (DLC) 2019022497
|
| 856 |
4 |
0 |
|u https://ebookcentral.proquest.com/lib/tamucs/detail.action?docID=6072636
|z Connect to the full text of this electronic book
|t 0
|
| 945 |
|
|
|b 799166
|
| 955 |
|
|
|a YBP purchased firm e-records
|
| 980 |
|
|
|b 68.00
|g 1
|
| 987 |
|
|
|a ybp301114255
|
| 999 |
f |
f |
|s 89a8de50-e4d3-3643-ae44-332e1f122518
|i fe67fca8-1dcd-3e4e-bed6-51ace2e8c609
|t 0
|
| 952 |
f |
f |
|a Texas A&M University
|b College Station
|c Electronic Resources
|d Available Online
|t 0
|e PS3569.O585 Z46 2020
|h Library of Congress classification
|
| 998 |
f |
f |
|a PS3569.O585 Z46 2020
|t 0
|l Available Online
|